000 00478nam a2200193Ia 4500
008 240509s9999 xx 000 0 und d
020 _a0000256026114
041 _aEng
082 _a005.133
082 _bS71
100 _aSTAIR, Ralph M.
245 0 _aPROGRAMMING IN BASIC : WITH STRUCTURED PROGRAMMING, CASES, APPLICATIONS, AND MODULES
260 _bIrwin
260 _c0
300 _a373 p.
650 _aProgramming languages
942 _2ddc
942 _cLBK
999 _c22659
_d22659
945 _a1
_bMadushi Gamage
_c1
_dMadushi Gamage